000 01953cam a2200277 i 4500
001 a41938047
003 SIRSI
005 20251020143805.0
008 230721t20232023fr e 000 f fre d
020 _a9782226485618
035 _a(OCoLC)1391697313
037 _a204015114
_bGroupe Archambault
040 _aTOH
_beng
_erda
_cTOH
_dAUXAM
_dIND
_dZCU
_dIAY
_dTOH
_dOCLCO
_dEEM
_dPAU
_dUtOrBLW
041 _afre
050 4 _aPQ2674.O778
_bP79 2023
100 _aNothomb, Amelie
_eauthor
_914217
245 1 0 _aPsychopompe
_c/ Amélie Nothomb.
260 _aParis :
_bAlbin Michel,
_c2023.
300 _a156 pages, 1 unnumbered page ;
_c20 cm.
520 _aDans Psychopompe, Amélie Nothomb se livre comme jamais auparavant. À travers une écriture à la fois poétique et introspective, elle évoque son lien intime avec la mort, la mémoire et la création. Ce récit autobiographique retrace son parcours d’écrivaine, depuis son enfance jusqu’à sa maturité, en explorant la manière dont l’écriture est devenue pour elle un guide — un « psychopompe » — entre le monde des vivants et celui des disparus. Entre confession et célébration, Nothomb signe ici un texte lumineux sur le pouvoir salvateur de la littérature et sur la beauté fragile de l’existence.
520 _aIn Psychopompe, Amélie Nothomb opens up more deeply than ever before. With poetic and introspective prose, she reflects on her intimate connection to death, memory, and the act of creation. This autobiographical story traces her journey as a writer—from childhood to maturity—revealing how writing became her guide, her “psychopomp,” between the world of the living and the dead. Both confession and celebration, this luminous work is a meditation on the saving power of literature and the fragile beauty of life itself.
546 _aIn French.
655 0 _aMythological fiction
_926204
655 0 _aAutobiographical fiction
_923158
942 _2lcc
999 _c5062
_d5062